Normal view
MARC view
- Singapore
Entry Geographic Name
001 - CONTROL NUMBER
- control field: 8267
003 - CONTROL NUMBER IDENTIFIER
- control field: OSt
005 - DATE AND TIME OF LATEST TRANSACTION
- control field: 20170525153642.0
008 - FIXED-LENGTH DATA ELEMENTS
- fixed length control field: 170525|| aca||aabn | a|a d
040 ## - CATALOGING SOURCE
- Original cataloging agency: OSt
- Transcribing agency: OSt
151 ## - HEADING--GEOGRAPHIC NAME
- Geographic name: Singapore
- General subdivision: Foreign relations
670 ## - SOURCE DATA FOUND
- Source citation: Work cat.: (OSt)0: Parkinson, C. Northcote (Cyril Northcote), 1909-1959 5936, Britain in the Far East :, 1955

PORTAL AKMAL
E-MEL JKDM
AKMAL2U
G-BAM
u-PUSTAKA